| 000 | 00403cam a2200169 4500 | ||
|---|---|---|---|
| 001 | D13913 | ||
| 008 | 090401t1901 xxu||||| |||| 00| 0 eng d | ||
| 035 | _a(Sirsi) u12285 | ||
| 041 | _aeng | ||
| 100 | _aSkrimshire, Samuel | ||
| 245 | _aLand surveying: its theory and practice | ||
| 260 |
_aLondon _bFrank P Wilson _c1901 |
||
| 350 | _a0 | ||
| 520 | _aShelf 135 | ||
| 942 | _n0 | ||
| 948 | _c04/03/1997 | ||
| 999 |
_c86967 _d86967 |
||